Povaha práva v teórii a praxi

Problematika povahy práva ako kľúčová téma právnej filozofie. Skúmanie jej vzťahu k aplikačnej praxi. Prirodzenoprávne východiská pozitívneho práva. Korelačná téza a téza kauzality. Efekt rozletu. Načrtnutie vzťahu názorov na povahu práva a aplikačnú prax.

Gespeichert in:
Bibliographische Detailangaben
1. Verfasser: Rangl, Jakub
Format: Buchkapitel
Schlagworte:
Tags: Tag hinzufügen
Keine Tags, Fügen Sie das erste Tag hinzu!

MARC

LEADER 00000naa a2200000 4500
001 0268356
005 20200910122454.1
044 |a SK 
245 1 0 |a Povaha práva v teórii a praxi  |c Jakub Rangl 
520 |a Problematika povahy práva ako kľúčová téma právnej filozofie. Skúmanie jej vzťahu k aplikačnej praxi. Prirodzenoprávne východiská pozitívneho práva. Korelačná téza a téza kauzality. Efekt rozletu. Načrtnutie vzťahu názorov na povahu práva a aplikačnú prax. 
610 2 0 |a právo 
610 2 0 |a filozofia 
610 2 0 |a teória a prax 
610 2 0 |a spravodlivosť 
100 1 |a Rangl, Jakub